| 000 | 00770nam a2200265Ia 4500 | ||
|---|---|---|---|
| 003 | OSt | ||
| 005 | 20220928125151.0 | ||
| 006 | a|||||r|||| 00| 0 | ||
| 007 | ta | ||
| 008 | 220927b |||||||| |||| 00| 0 eng d | ||
| 024 | _a66763 | ||
| 037 | _cTextual | ||
| 040 |
_aSDCL _cSDCL _beng |
||
| 041 |
_2eng _aeng |
||
| 082 | _aV1:71'P, P6 | ||
| 100 |
_aHall Martin Ed. _9468543 |
||
| 245 | 0 | _aHistorical archaeology | |
| 260 |
_aOxford _bBlackwell Publishing _c2006 |
||
| 300 |
_axvii,341p _ccm. |
||
| 490 | _aBlackwell studies in global archaeology | ||
| 650 |
_aArchitecture World _9434742 |
||
| 700 |
_a Silliman Stephen W Ed. _9468544 |
||
| 942 |
_hV1:71'P, P6 _cTEXL _2CC |
||
| 999 |
_c781339 _d781339 |
||